000 nam a22 a 4500
999 _c332781
_d332781
003 BLK
005 20221123131105.0
008 190712b bu ||||| |||| 00| 0 bu d
020 _a9786197242423
040 _aBLK
041 _aBUL
_cBUL
080 _aБългарска литература
_b821.163.2
_x-1
_z821.163.2-1
100 _9395102
_aДраг, Ана
139 _aДраг, Ана
_bД 85
245 _aПетима мъже и още нещо
_bПоезия
_cАна Драг
260 _9220467
_aРусе
_bПримакс
_c2018
300 _a150 с.
_bс ил.
_c 21 см
380 _aX
500 _aАна Драг - псевд. на авт. Биляна Иванова Драгулова
852 _bЦб
_aЦб 295880
942 _cKNG
_n0
_01
944 _aCR
_c2019-07-12
_kВ.Р.
999 _d332781